000 00383nam a2200133Ia 4500
008 151001s9999||||xx |||||||||||||| ||und||
100 _aहरी नारायण आपटे
245 _aपण लक्षात कोण घेतो
250 _a1
260 _bभगवानदास हिराजी
260 _c1997
300 _a585
365 _b21
999 _c976011
_d976008